|
|
|
|
| LEADER |
01606cas a2200241 a 4500 |
| 001 |
AALejournalIMF006334 |
| 008 |
230101c9999 xx r poo 0 0eng d |
| 020 |
|
|
|c 5.00 USD
|
| 020 |
|
|
|z 9781451963687
|
| 022 |
|
|
|a 1018-5941
|
| 040 |
|
|
|a BD-DhAAL
|c BD-DhAAL
|
| 100 |
1 |
|
|a Kanda, Daniel.
|
| 245 |
1 |
0 |
|a Asset Booms and Structural Fiscal Positions :
|b The Case of Ireland /
|c Daniel Kanda.
|
| 264 |
|
1 |
|a Washington, D.C. :
|b International Monetary Fund,
|c 2010.
|
| 300 |
|
|
|a 1 online resource (23 pages)
|
| 490 |
1 |
|
|a IMF Working Papers
|
| 500 |
|
|
|a <strong>Off-Campus Access:</strong> No User ID or Password Required
|
| 500 |
|
|
|a <strong>On-Campus Access:</strong> No User ID or Password Required
|
| 506 |
|
|
|a Electronic access restricted to authorized BRAC University faculty, staff and students
|
| 520 |
3 |
|
|a Asset booms and sectoral changes can distort traditional estimates of structural fiscal revenue, and could lead to serious fiscal policy errors. This paper extends the estimation of structural revenues to take account of asset prices and sectoral changes, and applies this to the case of Ireland, where a property bust has revealed a large hole in the public finances. It is shown that excluding these factors led to a substantial bias in the estimation of structural revenues, and the structural balance prior to the crisis was much larger than earlier estimated.
|
| 538 |
|
|
|a Mode of access: Internet
|
| 830 |
|
0 |
|a IMF Working Papers; Working Paper ;
|v No. 2010/057
|
| 856 |
4 |
0 |
|z Full text available on IMF
|u http://elibrary.imf.org/view/journals/001/2010/057/001.2010.issue-057-en.xml
|z IMF e-Library
|